000 00262nam a2200121Ia 4500
008 201214s9999 xx 000 0 und d
100 _aLogie, Gordon
245 0 _aGlossary of Transport
260 _aLondon
260 _bMcMillan
260 _c1981
942 _cBK
999 _c5680
_d5680